| 000 | 00474ntaaa2200193 4500 | ||
|---|---|---|---|
| 003 | 01 | ||
| 005 | 20251027203134.0 | ||
| 008 | 0714s1973 ag 01 | ||
| 040 |
_aAR-BaBN _bspa _cAR-BaBN _eaacr _dRIC |
||
| 082 | _a786.4154 M87 | ||
| 100 |
_aMozart, Wolfgang Amadeus _93954 |
||
| 245 | _aSonatas y fantasÃas para piano | ||
| 250 | _a1 ed. | ||
| 260 |
_aBuenos Aires : _bRicordi Americana, _cn.f. |
||
| 300 | _a155 p. | ||
| 650 | _aMusica | ||
| 650 | _aPiano | ||
| 942 | _cBK | ||
| 999 |
_c26780 _d26780 |
||